| 000 | 01242nam a2200325Ia 4500 | ||
|---|---|---|---|
| 001 | ebr10662768 | ||
| 003 | CaPaEBR | ||
| 006 | m u | ||
| 007 | cr cn||||||||| | ||
| 008 | 100714s2011 nyuab sb 001 0 eng d | ||
| 010 | _z 2010029841 | ||
| 020 | _z9781617613777 | ||
| 020 | _z9781617611285 (hardcover) | ||
| 040 |
_aCaPaEBR _cCaPaEBR |
||
| 035 | _a(OCoLC)712044668 | ||
| 050 | 1 | 4 |
_aGB1803.2 _b.P66 2011eb |
| 082 | 0 | 4 |
_a551.48/2 _222 |
| 245 | 0 | 0 |
_aPonds _h[electronic resource] : _bformation, characteristics, and uses / _ceditor, Paul L. Meyer. |
| 260 |
_aHauppauge, NY : _bNova Science Publishers, _cc2011. |
||
| 300 |
_axi, 208 p. : _bill., maps. |
||
| 490 | 0 | _aEarth sciences in the 21st century | |
| 504 | _aIncludes biblographical references and index. | ||
| 533 |
_aElectronic reproduction. _bPalo Alto, Calif. : _cebrary, _d2013. _nAvailable via World Wide Web. _nAccess may be limited to ebrary affiliated libraries. |
||
| 650 | 0 | _aPonds. | |
| 650 | 0 | _aPond ecology. | |
| 655 | 7 |
_aElectronic books. _2local |
|
| 700 | 1 |
_aMeyer, Paul L., _d1970- |
|
| 710 | 2 | _aebrary, Inc. | |
| 856 | 4 | 0 |
_uhttp://site.ebrary.com/lib/rucke/Doc?id=10662768 _zAn electronic book accessible through the World Wide Web; click to view |
| 999 |
_c172315 _d172315 |
||